Statistiques concernant One Piece-personnages présentés dans l'arc romance down

Cliquez ici pour prendre le quiz!

Statistiques générales

  • Ce quiz a été pris 142 fois
    (135 depuis la dernière actualisation)
  • Le résultat moyen est 6 sur 8

Statistiques - réponses

Réponse% Correct
monkey D Luffy
99%
Roronoa Zoro
89%
Shanks le roux
84%
kobby
82%
alvida la massue
76%
hermep
73%
morgan
70%
makino
58%

Distribution des résultats

Percentile par nombre de réponses

% des personnes avec chaque résultat

Votre développement - résultats

Vous n’avez pas pris ce quiz depuis la dernière actualisation